25 arnedanos universales (Record no. 19516)

MARC details
000 -LEADER
campo de control de longitud fija 00625nam a2200193 i 4500
001 - NÚMERO DE CONTROL
campo de control 19516
003 - IDENTIFICADOR DE NÚMERO DE CONTROL
campo de control ES-MaACL
005 - FECHA Y HORA DE LA ÚLTIMA TRANSACCIÓN
campo de control 20230906152120.0
007 - CAMPO FIJO DE DESCRIPCIÓN FÍSICA--INFORMACIÓN GENERAL
campo de control de longitud fija t|
008 - DATOS DE LONGITUD FIJA--INFORMACIÓN GENERAL
campo de control de longitud fija 021002s1971 sp ||||1| spa d
100 1# - ENTRADA PRINCIPAL--NOMBRE DE PERSONA
Nombre de persona Abad León, Felipe,
Fechas asociadas al nombre 1934-2017
9 (RLIN) 17928
245 10 - MENCIÓN DEL TÍTULO
Título 25 arnedanos universales
Resto del título : el río Orenzana y su término /
Mención de responsabilidad, etc. Felipe Abad León.
260 ## - PUBLICACIÓN, DISTRIBUCIÓN, ETC.
Lugar de publicación, distribución, etc. [Logroño] :
Nombre del editor, distribuidor, etc. Ochoa,
Fecha de publicación, distribución, etc. [1971] (
Lugar de fabricación/manufactura Arnedo :
Fabricante Isasa)
300 ## - DESCRIPCIÓN FÍSICA
Extensión 283 p., 8 lám. :
Otras características físicas il. ;
Dimensiones 21 cm.
650 #4 - PUNTO DE ACCESO ADICIONAL DE MATERIA--TÉRMINO DE MATERIA
Término de materia o nombre geográfico como elemento de entrada Riego-
Subdivisión geográfica Arnedo.
9 (RLIN) 167400
650 #4 - PUNTO DE ACCESO ADICIONAL DE MATERIA--TÉRMINO DE MATERIA
Término de materia o nombre geográfico como elemento de entrada Arnedanos-
Subdivisión general Biografías.
9 (RLIN) 167401
852 ## - LOCALIZACIÓN
Ubicación ES-MaACL
Número de control de estantería C-46878
Sublocalización o colección R.81633
Holdings
Estatus retirado Estado de pérdida Estado de daño No para préstamo Biblioteca de origen Biblioteca actual Ubicación en estantería Fecha de adquisición Fuente de adquisición Total de préstamos Signatura topográfica completa Código de barras Visto por última vez Precio de reemplazo Tipo de ítem Koha
        Biblioteca del Ateneo de Madrid Biblioteca del Ateneo de Madrid Depósito 2 17/01/2008     C-46878 1019968 23/02/2023 23/02/2023 Libro impreso